[Event "1. liga - V 17/18, Trinec-Hostalkova"]
[Site ""]
[Date "2017.11.12"]
[Round "2.2"]
[White "Roubalik, Jakub"]
[Black "Szotkowski, Jakub"]
[Result "1-0"]
[WhiteElo "2400"]
[BlackElo "2377"]
[PlyCount "0"]
[EventDate "2017.10.22"]

1. d4 Nf6 2. c4 e6 3. Nf3 b6 4. a3 Bb7 5. Nc3 d5 6. cxd5 Nxd5 7. e3 Be7 8. Bb5+
c6 9. Bd3 Nd7 10. O-O O-O 11. Qc2 h6 12. Qe2 c5 13. Bd2 cxd4 14. exd4 N7f6 15.
Ne5 Nxc3 16. bxc3 Qd5 17. f3 Rad8 18. a4 Bd6 19. Bc4 Qa5 20. Bb5 Bxe5 21. dxe5
Rxd2 22. Qxd2 Nd5 23. Rfc1 Rc8 24. Kh1 Rxc3 25. Rxc3 Qxc3 26. Qxc3 Nxc3 27. Rc1
Nd5 28. Bc4 Nb4 29. Rd1 Bd5 30. Rc1 Bxc4 31. Rxc4 a5 32. h4 h5 33. Rc7 Nd5 34.
Rb7 g6 35. Kh2 Kg7 36. g3 Kf8 37. Kg1 Kg8 38. Kf2 Kf8 39. Ke1 Kg8 40. Kd2 Kf8
41. Kd3 Kg8 42. Rb8+ Kg7 43. Kc4 g5 44. hxg5 Kg6 45. Rg8+ Kh7 46. Rd8 Ne3+ 47.
Kb5 Nd5 48. Kc6 Kg6 49. Rxd5 exd5 50. Kxd5 Kxg5 51. Kc6 Kf5 52. Kxb6 Kxe5 53.
Kxa5 f5 54. f4+ 1-0

[Event "1. liga - V 17/18, Trinec-Hostalkova"]
[Site ""]
[Date "2017.11.12"]
[Round "2.3"]
[White "Chytilek, Roman"]
[Black "Paszewski, Mateusz"]
[Result "1/2-1/2"]
[WhiteElo "2335"]
[BlackElo "2272"]
[PlyCount "0"]
[EventDate "2017.10.22"]

1. d4 d5 2. c4 c6 3. Nf3 Nf6 4. Nc3 e6 5. e3 Nbd7 6. Qc2 Bd6 7. Bd3 O-O 8. O-O
dxc4 9. Bxc4 b5 10. Be2 Bb7 11. e4 e5 12. dxe5 Nxe5 13. Nd4 Neg4 14. g3 Qb6 15.
Nf5 Bc5 16. Bf3 g6 17. Nh6+ Nxh6 18. Bxh6 Rfe8 19. Rad1 Bd4 20. Ne2 Be5 21. b4
a5 22. Be3 Qc7 23. a3 axb4 24. axb4 Ra4 25. Bc5 Nd7 26. Bg4 Nxc5 27. bxc5 Bc8
28. Bxc8 Qxc8 29. Qd3 Bg7 30. f3 Bf8 31. Rc1 Rd8 32. Qe3 Ra2 33. Nc3 Rad2 34.
Rfd1 Qd7 35. Rxd2 Qxd2 36. Qxd2 Rxd2 37. e5 Bxc5+ 38. Kh1 Ba3 39. Ra1 Bb2 40.
Ra8+ Kg7 41. Ne4 Rd1+ 42. Kg2 Bxe5 43. f4 Bf6 44. g4 h6 45. Rc8 b4 46. Rb8 Be7
47. Rb7 Kf8 48. f5 gxf5 49. gxf5 f6 50. Rb6 c5 51. Nxf6 Bxf6 52. Rxf6+ Ke7 53.
Rb6 Kd7 54. Kf3 Kc7 55. Rb5 Kc6 56. Rb8 Kc7 57. Rb5 Kc6 58. Rb8 Kc7 59. Rb5
1/2-1/2

[Event "1. liga - V 17/18, Trinec-Hostalkova"]
[Site ""]
[Date "2017.11.12"]
[Round "2.4"]
[White "Pala, Vladimir"]
[Black "Nedela, Vlastimil"]
[Result "0-1"]
[WhiteElo "2242"]
[BlackElo "2334"]
[PlyCount "0"]
[EventDate "2017.10.22"]

1. Nf3 Nf6 2. g3 g6 3. b3 Bg7 4. Bb2 c5 5. c4 O-O 6. Bg2 Nc6 7. O-O d6 8. Nc3
e5 9. d3 Rb8 10. Ne1 Bd7 11. Nc2 a6 12. Ne3 b5 13. Ned5 Ne8 14. e3 b4 15. Ne2
Nc7 16. Nxc7 Qxc7 17. a4 Rbe8 18. Qd2 Bg4 19. Rae1 Qc8 20. f3 Bd7 21. f4 Re7
22. d4 exd4 23. exd4 Rfe8 24. d5 Bg4 25. Bxg7 Rxe2 26. Rxe2 Rxe2 27. Qd3 Kxg7
28. dxc6 Rxg2+ 29. Kxg2 Bh3+ 30. Kg1 Bxf1 31. Kxf1 Qxc6 32. Kf2 a5 33. f5 Qd7
34. fxg6 hxg6 35. Kg2 Qe6 36. h4 Qe5 37. Kh2 Kf6 38. Qd2 Ke6 39. Qd3 Qb2+ 40.
Kh3 Qe5 41. Kh2 f5 42. Qd2 d5 43. cxd5+ Qxd5 44. Qe2+ Kf7 45. Qe3 Qd4 46. Qf3
Qe4 47. Qd1 Ke6 48. Qd8 f4 49. Qe8+ Kd5 50. Qf7+ Kd4 51. Qc4+ Ke3 52. Qxc5+ Kf3
53. Qg1 Ke2 0-1

[Event "1. liga - V 17/18, Trinec-Hostalkova"]
[Site ""]
[Date "2017.11.12"]
[Round "2.5"]
[White "Walek, Milan"]
[Black "Karlik, Ondrej"]
[Result "1-0"]
[WhiteElo "2290"]
[BlackElo "2179"]
[PlyCount "0"]
[EventDate "2017.10.22"]

1. e4 c6 2. Nc3 d5 3. Nf3 g6 4. h3 Bg7 5. d4 e6 6. Bd3 Ne7 7. O-O Qc7 8. Re1
O-O 9. Bg5 f6 10. Bd2 b5 11. a3 a6 12. Qc1 Rf7 13. Bh6 Nd7 14. Bxg7 Kxg7 15. e5
c5 16. exf6+ Rxf6 17. Qg5 c4 18. Bf1 h6 19. Qd2 Nf8 20. Ne5 Nc6 21. Nxc6 Qxc6
22. g3 Ra7 23. Bg2 Raf7 24. Re2 Qd6 25. Nd1 Nd7 26. Ne3 h5 27. Rae1 Nf8 28. Nf1
Nh7 29. h4 Nf8 30. Nh2 Rf5 31. Bh3 R5f6 32. f4 Rc7 33. c3 a5 34. Nf3 Ra7 35.
Ng5 b4 36. axb4 axb4 37. Rb1 Ra2 38. Qe3 b3 39. Qe5 Qxe5 40. fxe5 Rf5 41. Bxf5
gxf5 42. Nh3 Bd7 43. Nf4 Be8 44. Kf2 Bf7 45. Ke3 Nd7 46. Ree1 Nf8 47. Kf3 Kg8
48. Rec1 Kg7 49. Ng2 f4 50. Nxf4 Kh6 51. Rg1 Bg8 52. g4 hxg4+ 53. Rxg4 Bh7 54.
Rbg1 Rxb2 55. Rg5 Be4+ 56. Ke3 Ng6 57. Rxg6+ Bxg6 58. Rxg6+ Kh7 59. Rxe6 Rc2
60. Ne2 Ra2 61. Rb6 Kg7 62. Rb7+ Kg6 63. e6 Kf6 64. e7 Kf7 65. h5 Ra6 66. Nf4
b2 67. Rxb2 Kxe7 68. Nxd5+ Kd6 69. Rb6+ Kxd5 70. Rb5+ Kd6 71. Rc5 Ra4 72. h6
Ra1 73. Rh5 Re1+ 74. Kd2 1-0

[Event "1. liga - V 17/18, Trinec-Hostalkova"]
[Site ""]
[Date "2017.11.12"]
[Round "2.6"]
[White "Bednarik, Josef"]
[Black "Fargac, Martin"]
[Result "0-1"]
[WhiteElo "2118"]
[BlackElo "2236"]
[PlyCount "0"]
[EventDate "2017.10.22"]

1. e4 e5 2. Nf3 Nc6 3. d4 exd4 4. Nxd4 Nf6 5. f3 Bc5 6. Nb3 Bb6 7. Nc3 O-O 8.
Bg5 h6 9. Bh4 g5 10. Bg3 d5 11. Qd2 dxe4 12. Nxe4 Nxe4 13. fxe4 Bg4 14. Bd3 f5
15. Bc4+ Kh7 16. h4 Qe7 17. Bd3 fxe4 18. Be2 Rad8 19. Qc3 Rf3 20. gxf3 exf3 21.
Qc4 Qxe2+ 22. Qxe2 fxe2 23. Nd2 Be3 0-1

[Event "1. liga - V 17/18, Trinec-Hostalkova"]
[Site ""]
[Date "2017.11.12"]
[Round "2.7"]
[White "Sikora, Jan"]
[Black "Malcanek, Jan"]
[Result "0-1"]
[WhiteElo "2226"]
[BlackElo "2122"]
[PlyCount "0"]
[EventDate "2017.10.22"]

1. e4 c5 2. Nc3 Nc6 3. Nf3 d6 4. d4 cxd4 5. Nxd4 Nf6 6. g3 Qb6 7. Be3 Bd7 8.
Bb5 Qa5 9. O-O e6 10. f3 Be7 11. Qd2 a6 12. Be2 b5 13. g4 h6 14. Nxc6 Bxc6 15.
a3 Qc7 16. g5 hxg5 17. Bxg5 d5 18. Bd3 dxe4 19. fxe4 Bc5+ 20. Kh1 Ng4 21. Bf4
Bd6 22. Bxb5 O-O-O 23. Bxa6+ Kb8 24. Qg2 Bxf4 25. h3 Ne3 26. Qf3 Nxf1 27. Rxf1
Be5 28. Bd3 Rh6 29. Qe3 Bd4 0-1

[Event "1. liga - V 17/18, Trinec-Hostalkova"]
[Site ""]
[Date "2017.11.12"]
[Round "2.8"]
[White "Krmela, Ales"]
[Black "Sikorova, Olga"]
[Result "0-1"]
[WhiteElo "2097"]
[BlackElo "2190"]
[PlyCount "0"]
[EventDate "2017.10.22"]

1. c4 c5 2. Nc3 Nc6 3. Nf3 e5 4. e4 d6 5. Be2 g6 6. d3 Bg7 7. Nd5 Nce7 8. Qb3
Nxd5 9. cxd5 Ne7 10. Nd2 O-O 11. O-O f5 12. Nc4 f4 13. Qd1 h5 14. g4 b5 15. Na3
hxg4 16. Bxg4 a6 17. h3 f3 18. Bxf3 Bxh3 19. Bg2 Qd7 20. f3 Kf7 21. Qe1 Rh8 22.
Qg3 Rh5 23. f4 Kg8 24. f5 Bxg2 25. Kxg2 gxf5 26. Qf3 Qe8 27. Bd2 Qg6+ 28. Qg3
fxe4 29. Qxg6 Nxg6 30. dxe4 Bh6 31. Bxh6 Rxh6 32. Nc2 Nf4+ 33. Kg3 Kf7 34.
Rxf4+ exf4+ 35. Kxf4 Re8 36. Ne3 Rh4+ 37. Ng4 Rxg4+ 0-1

[Event "1. liga - V 17/18, Opava-Kromeriz"]
[Site ""]
[Date "2017.11.12"]
[Round "2.1"]
[White "Caletka, Radomir"]
[Black "Malinovsky, Karel"]
[Result "0-1"]
[WhiteElo "2307"]
[BlackElo "2483"]
[PlyCount "0"]
[EventDate "2017.10.22"]

1. e4 e5 2. Nf3 Nc6 3. d4 exd4 4. Nxd4 Bc5 5. Nxc6 bxc6 6. Bd3 d6 7. O-O Nf6 8.
Nc3 Ng4 9. h3 Ne5 10. Na4 Nxd3 11. Qxd3 Bb6 12. Bd2 O-O 13. c4 Qf6 14. Bc3 Qg6
15. Nxb6 axb6 16. f4 f5 17. e5 d5 18. Rfe1 Qe6 19. cxd5 cxd5 20. Kh2 c5 21. a3
d4 22. Bd2 Bb7 23. Rg1 Rfd8 24. g4 Be4 25. Qg3 Rd7 26. Rae1 Re8 27. Re2 Bd5 28.
Qh4 Rf8 29. Rf2 Rdf7 30. Re1 Rc8 31. Rg1 Be4 32. Qg3 Rc6 33. Re1 Bd5 34. Qh4
Qc8 35. g5 Be4 36. Rc1 Rfc7 37. Qg3 Qe6 38. Be1 Rc8 39. Rd2 Ra8 40. Bf2 Ra5 41.
Qg1 Qb3 42. Qg3 Rb5 43. Qg1 Qf3 44. Bg3 Rb3 45. Rf2 Qd3 46. Rd1 Qb5 47. Rdd2
Rc8 48. Qc1 Rd8 49. Qd1 Qc4 50. g6 hxg6 51. Bh4 Re8 52. Qg1 Kf7 53. Rd1 Re3 54.
Qg5 Qb3 0-1

[Event "1. liga - V 17/18, Opava-Kromeriz"]
[Site ""]
[Date "2017.11.12"]
[Round "2.2"]
[White "Cvek, Robert"]
[Black "Rakus, Pavel"]
[Result "1/2-1/2"]
[WhiteElo "2504"]
[BlackElo "2237"]
[PlyCount "0"]
[EventDate "2017.10.22"]

1. Nf3 Nf6 2. c4 e6 3. g3 b6 4. Bg2 Bb7 5. d4 Be7 6. O-O O-O 7. Nc3 Ne4 8. Bd2
Nxc3 9. Bxc3 d5 10. cxd5 exd5 11. Ne5 Nd7 12. Nd3 Nf6 13. Rc1 Ne4 14. Bb4 Bxb4
15. Nxb4 Qd6 16. Nd3 Rae8 17. Qc2 Re7 18. Rfd1 f5 19. e3 Kh8 20. Ne5 c5 21. f3
Ng5 22. f4 Ne6 23. dxc5 bxc5 24. Qb3 Rd8 25. Rd2 Qb6 26. Rcd1 d4 27. Qxb6 axb6
28. Bxb7 Rxb7 29. exd4 Nxd4 30. Kf2 Ra8 31. a3 g6 32. h4 Re7 33. h5 Kg7 34. Rh1
g5 35. h6+ Kf6 36. Rd3 Ke6 37. Nf3 Nxf3 38. Rxf3 Kf6 39. Rb3 Re6 40. Re1 Rxe1
41. Kxe1 Re8+ 42. Kf2 Re6 43. Rb5 Kg6 44. fxg5 Kxg5 45. a4 Rc6 46. Kf3 Rxh6 47.
a5 bxa5 48. Rxc5 Rb6 49. Rxa5 Rb3+ 50. Kg2 Rxb2+ 51. Kh3 Rb3 52. Ra4 Re3 53.
Rb4 Rd3 1/2-1/2

[Event "1. liga - V 17/18, Opava-Kromeriz"]
[Site ""]
[Date "2017.11.12"]
[Round "2.3"]
[White "Nabelek, Marek"]
[Black "Pastircak, Milan"]
[Result "1/2-1/2"]
[WhiteElo "2243"]
[BlackElo "2324"]
[PlyCount "0"]
[EventDate "2017.10.22"]

1. e4 g6 2. d4 Bg7 3. Nc3 d6 4. Be3 a6 5. Qd2 b5 6. Bd3 Nd7 7. a4 b4 8. Nce2 a5
9. f4 Bb7 10. Nf3 Ngf6 11. Ng3 O-O 12. f5 c5 13. fxg6 hxg6 14. Bh6 e6 15. Bxg7
Kxg7 16. c3 Rc8 1/2-1/2

[Event "1. liga - V 17/18, Opava-Kromeriz"]
[Site ""]
[Date "2017.11.12"]
[Round "2.4"]
[White "Karlik, Vladimir"]
[Black "Muzik, Martin"]
[Result "0-1"]
[WhiteElo "2230"]
[BlackElo "2161"]
[PlyCount "0"]
[EventDate "2017.10.22"]

1. d4 d6 2. e4 Nf6 3. Nc3 e5 4. Nge2 Be7 5. g3 c6 6. a4 Nbd7 7. Bg2 O-O 8. O-O
Rb8 9. h3 a5 10. Be3 b5 11. axb5 cxb5 12. Nd5 Nxd5 13. exd5 Qc7 14. Qd2 b4 15.
Rfd1 Bb7 16. dxe5 Nxe5 17. b3 Rfc8 18. Nd4 Ra8 19. Rac1 Bf6 20. f4 Ng6 21. Nb5
Qd7 22. c4 bxc3 23. Nxc3 Ne7 24. Na4 Rxc1 25. Rxc1 Qb5 26. Nb6 Rb8 27. Qc2 Re8
28. Qc4 Qxc4 29. bxc4 Nf5 30. Bf2 Re2 31. Kf1 Rb2 32. g4 Bh4 33. gxf5 Rxf2+ 34.
Kg1 Rxf4 35. Rb1 h5 36. Rb5 Rxf5 37. Rxa5 Bf2+ 38. Kh1 Bxb6 39. Rb5 Ba6 40.
Rxb6 Bxc4 41. Rxd6 Kf8 42. Rd7 Ke8 43. Ra7 Bxd5 44. Bxd5 Rxd5 45. Kg2 g5 46.
Ra8+ Ke7 47. Rh8 h4 48. Ra8 Rd3 49. Ra6 f6 50. Rb6 Rd6 51. Rb5 Ke6 52. Rb2 Kf5
53. Rf2+ Kg6 54. Ra2 Rd3 55. Ra6 Rg3+ 56. Kh2 Re3 57. Kg2 Kf5 58. Rb6 Ke5 59.
Rb2 f5 60. Rb5+ Kf4 61. Rb4+ Re4 62. Rb2 g4 63. hxg4 fxg4 64. Rf2+ Kg5 65. Rf8
h3+ 66. Kg3 Re3+ 67. Kf2 Rb3 68. Rg8+ Kf5 69. Rf8+ Ke5 70. Rg8 Rf3+ 71. Kg1 Kf5
72. Kh2 Rf2+ 73. Kg1 Rb2 74. Rf8+ Kg5 75. Rf1 g3 76. Ra1 Re2 77. Rb1 Kg4 78.
Ra1 Kf3 79. Rf1+ Ke3 80. Ra1 Rg2+ 81. Kh1 Rd2 82. Re1+ Kf2 83. Rg1 g2+ 84. Kh2
Re2 85. Ra1 Re1 0-1

[Event "1. liga - V 17/18, Opava-Kromeriz"]
[Site ""]
[Date "2017.11.12"]
[Round "2.5"]
[White "Premus, Jan"]
[Black "Mudrak, Josef"]
[Result "1/2-1/2"]
[WhiteElo "2088"]
[BlackElo "2270"]
[PlyCount "0"]
[EventDate "2017.10.22"]

1. d4 Nf6 2. c4 c5 3. d5 e5 4. Nc3 Bd6 5. e4 Bc7 6. Bd3 O-O 7. Nge2 Ba5 8. O-O
d6 9. Bg5 h6 10. Bh4 Nbd7 11. Qc1 Bxc3 12. Nxc3 a6 13. f4 exf4 14. Qxf4 Nh5 15.
Qxf7+ Rxf7 16. Bxd8 Nf4 17. Bc2 Ne5 18. b3 Bh3 19. Be7 Nxg2 20. Rxf7 Nxf7 21.
e5 Nxe5 22. Bxd6 Re8 23. Be4 Nf4 24. Bxc5 Ned3 25. Bxd3 Nxd3 26. Bd6 Re3 27.
Na4 Re2 28. Bg3 Rg2+ 29. Kh1 Rd2 30. Nb6 g5 31. d6 Nf4 32. Bxf4 gxf4 33. Nd5 f3
34. d7 Bxd7 35. Nf6+ Kg7 36. Nxd7 Rxd7 37. Rf1 Rd3 38. Kg1 Kg6 39. Kf2 Rd2+ 40.
Kg3 Rg2+ 41. Kh3 Rxa2 1/2-1/2

[Event "1. liga - V 17/18, Opava-Kromeriz"]
[Site ""]
[Date "2017.11.12"]
[Round "2.6"]
[White "Cagasik, Tomas"]
[Black "Rambousek, Jan"]
[Result "0-1"]
[WhiteElo "2215"]
[BlackElo "2001"]
[PlyCount "0"]
[EventDate "2017.10.22"]

1. d4 Nf6 2. c4 g6 3. Nc3 Bg7 4. e4 d6 5. Be2 O-O 6. Be3 a5 7. h4 h5 8. f3 Nc6
9. Nh3 e5 10. dxe5 Nxe5 11. Ng5 Bd7 12. c5 Bc6 13. cxd6 cxd6 14. Qb3 a4 15. Qa3
Qa5 16. Qxd6 Rfd8 17. Qc5 b5 18. Bd2 Rxd2 19. Kxd2 Nfd7 20. Qe3 b4 21. Nd1 Nb6
22. Ke1 Rd8 23. Qc1 Bb5 24. Qc5 Nd3+ 25. Bxd3 Rxd3 26. Qe7 Rd7 27. Qe8+ Bf8 28.
Qb8 Nc4 29. Kf2 Kg7 30. e5 Rd8 31. Qb7 Rd7 32. Qe4 Bc5+ 33. Kg3 Qc7 34. f4 Rd4
35. Qe1 Bd7 36. Rc1 Qb6 37. Rf1 Bg4 38. b3 axb3 39. axb3 Nd2 40. Rf2 Rd3+ 41.
Kh2 Nxb3 42. e6 Bxe6 43. Qe5+ Kg8 44. Rfc2 Rd5 45. Qf6 Nxc1 46. Ne3 Rd3 47.
Rxc1 Rxe3 48. Rd1 Bd5 49. Qxb6 Bxb6 50. Rxd5 b3 51. Rb5 Bc7 52. g3 Re2+ 53. Kg1
b2 54. Kf1 Rc2 55. Ne4 Rc1+ 56. Ke2 b1=Q 57. Nf6+ Kf8 0-1

[Event "1. liga - V 17/18, Opava-Kromeriz"]
[Site ""]
[Date "2017.11.12"]
[Round "2.7"]
[White "Pavelek, Karel"]
[Black "Kapusta, Petr"]
[Result "0-1"]
[WhiteElo "2138"]
[BlackElo "2124"]
[PlyCount "0"]
[EventDate "2017.10.22"]

1. e4 c5 2. c3 d5 3. exd5 Qxd5 4. d4 e5 5. dxe5 Qxd1+ 6. Kxd1 Nc6 7. f4 Bg4+ 8.
Be2 O-O-O+ 9. Nd2 Bf5 10. Ke1 f6 11. g4 Be6 12. Ne4 fxe5 13. f5 Bd5 14. Bf3 Nf6
15. Nxf6 gxf6 16. Be3 e4 17. Be2 Ne5 18. Nh3 Nd3+ 19. Bxd3 exd3 20. Rg1 Bd6 21.
Nf4 Bxf4 22. Bxf4 Rhe8+ 23. Kd2 Re2+ 24. Kxd3 Bf3+ 25. Kc4 Re4+ 0-1

[Event "1. liga - V 17/18, Opava-Kromeriz"]
[Site ""]
[Date "2017.11.12"]
[Round "2.8"]
[White "Kasik, Miroslav"]
[Black "Panis, Radim"]
[Result "1/2-1/2"]
[WhiteElo "1962"]
[BlackElo "2073"]
[PlyCount "0"]
[EventDate "2017.10.22"]

1. e4 c5 2. Nf3 e6 3. c4 Nc6 4. Be2 Nf6 5. Nc3 Be7 6. d4 cxd4 7. Nxd4 O-O 8.
O-O a6 9. Be3 d6 10. Qd2 Qc7 11. Rac1 Nxd4 12. Qxd4 Nd7 13. Rfd1 Rd8 14. f3 b6
15. b4 Rb8 16. a3 Re8 17. Bf2 Bb7 18. Bg3 e5 19. Qd3 Nf6 20. Bf2 Bc8 21. Bf1
Bf8 1/2-1/2

[Event "1. liga - V 17/18, Kromeriz-Brno"]
[Site ""]
[Date "2017.11.26"]
[Round "3.1"]
[White "Krejci, Jan"]
[Black "Skliba, Martin"]
[Result "1-0"]
[WhiteElo "2566"]
[BlackElo "2268"]
[PlyCount "0"]
[WhiteTeam "Slavia Kromeriz"]
[BlackTeam "Lokomotiva Brno A"]
[EventDate "2017.10.22"]

1. d4 Nf6 2. c4 g6 3. g3 c6 4. Bg2 d5 5. Nd2 Bg7 6. e3
O-O 7. Ne2 Nbd7 8. O-O e5 9. cxd5 Nxd5 10. e4 N5b6 11. Nf3 exd4 12. Nfxd4 Nc5
13. Qc2 Ne6 14. Nb3 a5 15. a4 Nd7 16. Rd1 Qb6 17. Be3 Qb4 18. f4 f5 19. e5 Nb6
20. Bd2 Qc4 21. Nc3 Nd4 22. Nxd4 Qxd4+ 23. Kh1 Be6 24. Be1 Qc4 25. b3 Qa6 26.
Bf2 Nd5 27. Bf1 Nb4 28. Qb2 b5 29. Rd6 Qc8 30. axb5 cxb5 31. Nxb5 Rf7 32. Rc1
Qb7+ 33. Kg1 Bd5 34. Rb6 Qd7 35. Rd1 Bf8 36. e6 1-0

[Event "1. liga - V 17/18, Kromeriz-Brno"]
[Site ""]
[Date "2017.11.26"]
[Round "3.2"]
[White "Kulovana, Eva"]
[Black "Malinovsky, Karel"]
[Result "1/2-1/2"]
[WhiteElo "2131"]
[BlackElo "2483"]
[PlyCount "0"]
[WhiteTeam "Lokomotiva Brno A"]
[BlackTeam "Slavia Kromeriz"]
[EventDate "2017.10.22"]

1. d4 d5 2. c4 c6 3. Nf3 Nf6 4. Nc3 e6 5. Bg5 Be7 6. e3
h6 7. Bh4 Ne4 8. Bxe7 Qxe7 9. Bd3 Nxc3 10. bxc3 dxc4 11. Bxc4 Nd7 12. O-O O-O
13. Qb3 e5 14. dxe5 Nxe5 15. Nxe5 Qxe5 16. Rfd1 b5 17. Bxf7+ Kh8 18. Bg6 Bg4
19. Rd4 Be6 20. Qc2 Rf6 21. Be4 Rc8 22. Rad1 Bf5 23. Rd8+ Rxd8 24. Rxd8+ Kh7
25. Bxf5+ Qxf5 26. Qxf5+ Rxf5 27. Kf1 Rc5 28. Rd3 a5 29. Ke1 Rc4 30. Kd1 Ra4
31. Rd2 Rc4 32. Kc2 b4 33. Rd3 a4 34. Kb2 c5 35. cxb4 Rxb4+ 36. Kc2 g5 37. a3
Rb5 38. Rd7+ Kg6 39. Ra7 1/2-1/2

[Event "1. liga - V 17/18, Kromeriz-Brno"]
[Site ""]
[Date "2017.11.26"]
[Round "3.3"]
[White "Lanc, Alois"]
[Black "Hosek, Martin"]
[Result "1-0"]
[WhiteElo "2307"]
[BlackElo "2113"]
[PlyCount "0"]
[WhiteTeam "Slavia Kromeriz"]
[BlackTeam "Lokomotiva Brno A"]
[EventDate "2017.10.22"]

1. e4 Nf6 2. e5 Nd5 3. d4 d6 4. c4 Nb6 5. exd6 cxd6 6.
h3 g6 7. Nf3 Bg7 8. Nc3 O-O 9. Be3 Nc6 10. Rc1 d5 11. c5 Nc4 12. Bxc4 dxc4 13.
O-O Bf5 14. Qa4 Bd3 15. Rfd1 Nxd4 16. Nxd4 Bxd4 17. Rxd3 cxd3 18. Bxd4 Rc8 19.
Be3 Qe8 20. Qe4 Qc6 21. Nd5 Rce8 22. Nxe7+ Kg7 23. Qd4+ 1-0

[Event "1. liga - V 17/18, Kromeriz-Brno"]
[Site ""]
[Date "2017.11.26"]
[Round "3.5"]
[White "Karlik, Vladimir"]
[Black "Kratochvil, Karel"]
[Result "1-0"]
[WhiteElo "2230"]
[BlackElo "2194"]
[PlyCount "0"]
[WhiteTeam "Slavia Kromeriz"]
[BlackTeam "Lokomotiva Brno A"]
[EventDate "2017.10.22"]

1. d4 Nf6 2. Nf3 c5 3. c3 e6 4. Bf4 Nc6 5. e3 Be7 6. h3
O-O 7. Nbd2 b6 8. Bd3 Bb7 9. O-O cxd4 10. exd4 Nd5 11. Bh2 f5 12. Re1 Rf6 13.
c4 Ndb4 14. Bf1 a5 15. a3 Na6 16. Nb1 Qf8 17. Nc3 Bd6 18. Bxd6 Qxd6 19. Qd2 Ne7
20. Rad1 Rg6 21. Qe3 b5 22. c5 Qb8 {necitelny zapis} 1-0

[Event "1. liga - V 17/18, Kromeriz-Brno"]
[Site ""]
[Date "2017.11.26"]
[Round "3.6"]
[White "Sladek, Vladislav"]
[Black "Mudrak, Josef"]
[Result "0-1"]
[WhiteElo "1922"]
[BlackElo "2270"]
[PlyCount "0"]
[WhiteTeam "Lokomotiva Brno A"]
[BlackTeam "Slavia Kromeriz"]
[EventDate "2017.10.22"]

1. e4 c5 2. d4 cxd4 3. c3 dxc3 4. Nxc3 Nc6 5. Nf3 e6 6. Bc4 Nge7 7. Bg5 f6 8.
Be3 Ng6 9. O-O Be7 10. Qe2 O-O 11. Rfd1 Qe8 12. Rac1 f5 13. exf5 Rxf5 14. Bd3
Nf4 15. Bxf4 Rxf4 16. Ne4 Qh5 17. Ng3 Qf7 18. Bb1 g6 19. a3 Rxf3 20. Qxf3 Qxf3
21. gxf3 d5 22. Bd3 Bd7 23. Be2 Rd8 24. Nf1 Bf6 25. Rc2 Nd4 26. Rcd2 e5 27. Ne3
Ba4 28. Re1 Bg5 29. Kg2 Bf4 30. Bd1 Bc6 31. Rd3 Kg7 32. Nc2 Nxc2 33. Bxc2 g5
34. h3 h5 35. Bb3 d4 36. Bd1 g4 37. hxg4 hxg4 38. Rh1 Bd5 39. Rh4 Bc4 40. Rxg4+
Kf6 41. Bc2 Bxd3 42. Bxd3 Bc1 43. b3 Bxa3 44. f4 e4 45. Bxe4 d3 46. Bf3 d2 47.
Bd1 Re8 48. Kh1 Re1+ 49. Rg1 Kf5 50. Kg2 Kxf4 0-1

[Event "1. liga - V 17/18, Kromeriz-Brno"]
[Site ""]
[Date "2017.11.26"]
[Round "3.8"]
[White "Koci, Milos"]
[Black "Dvorak, Martin"]
[Result "0-1"]
[WhiteElo "1310"]
[BlackElo "2154"]
[PlyCount "0"]
[WhiteTeam "Lokomotiva Brno A"]
[BlackTeam "Slavia Kromeriz"]
[EventDate "2017.10.22"]

1. d4 d5 2. Nf3 Nf6 3. Bf4 c5 4. c3 e6 5. e3 Be7 6. Be2
Nc6 7. h3 a6 8. O-O O-O 9. Nbd2 b5 10. a3 c4 11. Re1 Bd7 12. Ne5 Ne8 13. Nxd7
Qxd7 14. Nf3 f5 15. Ne5 Nxe5 16. Bxe5 Bd6 17. Bf4 Qc7 18. Qd2 Nf6 19. Bf3 h6
20. h4 Kh7 21. g3 Qc6 22. Kg2 Be7 23. Be5 Nd7 24. Bf4 g6 25. Rh1 Bd6 26. Rae1
Rae8 27. Qc1 a5 28. Qd2 Rf7 29. Ref1 Nf6 30. Re1 Rb7 31. Rb1 b4 32. axb4 axb4
33. Rhc1 Bf8 34. Be5 Nd7 35. Bf4 Ra8 36. Ra1 Rba7 37. Qe1 Ra2 38. Rxa2 Rxa2 39.
Rb1 Nb6 40. Bd1 b3 41. Bf3 Na4 42. Qc1 Nxb2 0-1

[Event "1. liga - V 17/18, Hostalkova-Opava"]
[Site ""]
[Date "2017.11.26"]
[Round "3.1"]
[White "Roubalik, Jakub"]
[Black "Caletka, Radomir"]
[Result "0-1"]
[WhiteElo "2400"]
[BlackElo "2307"]
[PlyCount "0"]
[WhiteTeam "Sachy Hostalkova"]
[BlackTeam "KVS Ekodivize Opava"]
[EventDate "2017.10.22"]

1. d4 d5 2. Nf3 Nf6 3. Bf4 e6 4. e3 Bd6 5. Bg3 O-O 6. Nbd2 c5 7. c3 b6 8. Ne5
Bb7 9. Bh4 Be7 10. Be2 Nc6 11. O-O Qc7 12. Bg3 Bd6 13. f4 Ne7 14. Bd3 Ne4 15.
Qe2 Nf5 16. Be1 Be7 17. Rf3 f6 18. Ng4 Nfd6 19. Rh3 Rae8 20. Nf2 Bd8 21. Nfxe4
dxe4 22. Bc2 g6 23. Bb3 Kg7 24. g4 Kh8 25. Bg3 cxd4 26. exd4 Qc6 27. Qe3 b5 28.
Re1 Bb6 29. Bf2 Qd7 30. Qg3 e5 31. fxe5 fxe5 32. Be3 exd4 33. cxd4 Nc4 34. Bxc4
bxc4 35. Qh4 Bxd4 36. Nxc4 Bxe3+ 37. Nxe3 Rf7 38. Rg3 Ref8 39. Rd1 Qxd1+ 40.
Nxd1 Rf1+ 41. Kg2 e3+ 42. Kh3 e2 0-1

[Event "1. liga - V 17/18, Hostalkova-Opava"]
[Site ""]
[Date "2017.11.26"]
[Round "3.2"]
[White "Nabelek, Marek"]
[Black "Motuz, Karol"]
[Result "0-1"]
[WhiteElo "2243"]
[BlackElo "2432"]
[PlyCount "0"]
[WhiteTeam "KVS Ekodivize Opava"]
[BlackTeam "Sachy Hostalkova"]
[EventDate "2017.10.22"]

1. e4 e5 2. Nf3 Nc6 3. Bc4 Bc5 4. b4 Bxb4 5. c3 Ba5 6. d4 exd4 7. O-O d3 8. Ba3
d6 9. e5 d5 10. Bxd3 Nge7 11. Qa4 O-O 12. Qh4 Bf5 13. Bxf5 Nxf5 14. Qf4 Nfe7
15. Rd1 Ng6 16. Qg3 Re8 17. c4 d4 18. Nbd2 Bxd2 19. Rxd2 Ngxe5 20. Nxe5 Rxe5
21. Rad1 Qe8 22. f3 Re2 23. Rxe2 Qxe2 24. Re1 Qxc4 25. Qxc7 Qc3 26. Kf1 h6 27.
Qxb7 Rb8 28. Qd7 Qxa3 29. Re8+ Rxe8 30. Qxe8+ Kh7 31. Qxc6 Qd3+ 32. Kf2 Qe3+
33. Kf1 Qe5 34. Qd7 a6 35. h3 Qf4 36. Qd5 g6 37. Qc4 Qf6 38. a4 Kg7 39. Kf2 h5
40. Ke2 Qe5+ 41. Kd3 Qe3+ 42. Kc2 a5 43. Qd3 Kf6 44. Qa6+ Kg7 45. Qd3 f5 46. h4
Qf2+ 47. Kb3 Qxh4 48. Kc4 Qd8 49. Qxd4+ Qxd4+ 50. Kxd4 g5 51. Kc5 g4 52. fxg4
fxg4 53. Kb5 h4 54. Kxa5 h3 55. gxh3 gxh3 56. Kb6 h2 57. a5 h1=Q 58. a6 Qa8 0-1

[Event "1. liga - V 17/18, Hostalkova-Opava"]
[Site ""]
[Date "2017.11.26"]
[Round "3.3"]
[White "Pala, Vladimir"]
[Black "Zalesky, Karel"]
[Result "1/2-1/2"]
[WhiteElo "2242"]
[BlackElo "2024"]
[PlyCount "0"]
[WhiteTeam "Sachy Hostalkova"]
[BlackTeam "KVS Ekodivize Opava"]
[EventDate "2017.10.22"]

1. Nf3 Nf6 2. g3 g6 3. Bg2 Bg7 4. c4 c5 5. O-O Nc6 6. Nc3 O-O 7. d4 cxd4 8.
Nxd4 Nxd4 9. Qxd4 d6 10. Qd3 a6 11. Bd2 Rb8 12. Rab1 Ng4 13. b3 Bf5 14. e4 Bd7
15. h3 Ne5 16. Qe2 Nc6 17. a4 Nd4 18. Qd3 b5 19. cxb5 axb5 20. Be3 e5 21. Rfd1
bxa4 22. bxa4 Qa5 23. Bf1 Bxh3 24. Bxh3 Qxc3 25. Rxb8 Rxb8 26. Qxc3 Ne2+ 27.
Kg2 Nxc3 28. Rxd6 Bf8 29. Rc6 Nxa4 30. Rc8 Rxc8 31. Bxc8 Bc5 32. Bd2 Nb6 33.
Ba6 Kg7 34. g4 h6 35. f3 Nd7 36. Bc8 Nb6 37. Ba6 Bd4 38. Bb5 Nc8 39. Bb4 Be3
40. Bd7 Nb6 41. Bb5 Kf6 42. Kg3 Ke6 43. Ba5 Nc8 44. Bc4+ Kf6 45. Bd8+ Kg7 46.
Bc7 Bf4+ 47. Kh3 Ne7 48. Bb5 Ng8 49. Bd8 Be3 50. Bc4 Bc5 51. Bc7 Kf6 52. Bd8+
Be7 53. Bc7 Bc5 54. Bd8+ Kg7 55. Bb3 Be7 56. Bc7 Bf6 57. Bd6 h5 58. Bc4 Nh6 59.
Bd5 hxg4+ 60. fxg4 g5 61. Kg3 Kg6 62. Kf3 Bg7 63. Bc4 Kf6 64. Bd5 Ng8 65. Bc4
Kg6 66. Bb3 Nh6 67. Bd5 f6 68. Bc5 Nf7 69. Bxf7+ Kxf7 70. Ke3 Bf8 1/2-1/2

[Event "1. liga - V 17/18, Hostalkova-Opava"]
[Site ""]
[Date "2017.11.26"]
[Round "3.4"]
[White "Muzik, Martin"]
[Black "Karlik, Ondrej"]
[Result "1/2-1/2"]
[WhiteElo "2161"]
[BlackElo "2179"]
[PlyCount "0"]
[WhiteTeam "KVS Ekodivize Opava"]
[BlackTeam "Sachy Hostalkova"]
[EventDate "2017.10.22"]

1. e4 c6 2. d4 d5 3. exd5 cxd5 4. c3 Nc6 5. Nf3 Nf6 6. Bd3 Qc7 7. O-O Bg4 8.
Qe2 e6 9. Re1 Bd6 10. h3 Bh5 11. Qe3 Bg6 12. Nbd2 a6 13. Bxg6 hxg6 14. Ne5 Bxe5
15. dxe5 Nd7 16. f4 Ne7 17. Nb3 Rc8 18. Qf2 Nc5 19. Nxc5 Qxc5 20. Be3 Qb5 21.
Rac1 Nf5 22. Ba7 Rc6 23. Red1 O-O 24. g4 1/2-1/2